Legislación boliviana sobre salitre

Salvato in:
Dettagli Bibliografici
Ente Autore: República de Bolivia (Autore)
Natura: Libro
Lingua:spagnolo
Pubblicazione: Santiago Guillermo E. Miranda 1905
Soggetti:
Tags: Aggiungi Tag
Nessun Tag, puoi essere il primo ad aggiungerne!!

MARC

LEADER 00000nam a2200000 a 4500
001 UCR4307
003 CL-VaPUC
008 980307e19050000CL |||||||||||||||||spa|d
082 0 4 |a 343.077  |b REP  |2 21 
110 2 |a República de Bolivia  |e author  |9 404190 
245 1 0 |a Legislación boliviana sobre salitre 
300 |a 100 p 
942 |c BK 
945 |d 19980307 00:00:00  |a crobeson 
260 |a Santiago  |b Guillermo E. Miranda  |c 1905 
650 7 |a LEGISLACION BOLIVIANA  |2 CL-VaPUC  |9 404075 
650 0 |a Legislación minera  |9 388864 
650 0 |a Derecho de minería  |9 344919 
650 0 |a Minas  |9 255522 
650 0 |a Salitre  |9 313872 
651 0 |a Bolivia  |9 255454 
583 |a last modification  |c 19980307 00:00:00  |k Rodrigo Vera 
999 |c 267253  |d 267251 
952 |0 0  |1 0  |4 0  |6 343_077000000000000_REP_1905  |7 0  |8 X  |9 299516  |a BIBDER  |b BIBDER  |d 2019-11-20  |i 1949411  |o 343.077 REP 1905  |p 1949411  |r 2023-01-25  |w 2019-11-20  |y BK_X  |k DER